Temporada Académica de Verano: Sexta Escuela de la Tercera Edad y Ciclo Perfeccionamiento Docente

Guardat en:
Dades bibliogràfiques
Format: Llibre
Idioma:espanyol
Publicat: Valparaíso Universidad Católica de Valparaíso 1989
Matèries:
Etiquetes: Afegir etiqueta
Sense etiquetes, Sigues el primer a etiquetar aquest registre!

MARC

LEADER 00000nam a2200000 a 4500
001 UCW3957
003 CL-VaPUC
008 890616e19890000CL |||||||||||||||||spa|d
082 0 4 |a 374  |b TEM  |2 21 
245 1 0 |a Temporada Académica de Verano: Sexta Escuela de la Tercera Edad y Ciclo Perfeccionamiento Docente 
300 |a 56 h 
942 |c BK 
945 |d 19890616 00:00:00 
260 |a Valparaíso  |b Universidad Católica de Valparaíso  |c 1989 
650 7 |a TERCERA EDAD EDUCACION  |2 CL-VaPUC  |9 308407 
650 0 |a Formación profesional de profesores  |9 307493 
583 |a last modification  |c 19890616 00:00:00  |k Rodrigo Vera 
999 |c 217803  |d 217801 
952 |0 0  |1 0  |4 0  |6 374_000000000000000_TEM_1989  |7 0  |8 P  |9 206294  |a BIBEDU  |b BIBEDU  |c BIBEDU_PB  |d 2019-11-15  |i 2740982  |o 374 TEM 1989  |p 2740982  |r 2024-01-25  |w 2019-11-15  |y BK  |k EDU